| 000 | 00699nam a2200217Ii 4500 | ||
|---|---|---|---|
| 003 | JO-AjNU | ||
| 008 | 230605s9999||||xx |||||||||||||| ||und|| | ||
| 017 | _a1989/1568 | ||
| 040 |
_aJO-AjNU _bara _erda _cJO-AjNU |
||
| 041 | _aara | ||
| 050 | 1 | 4 | _aPJ692 1989 |
| 100 | 3 |
_aتاليف دي سيغور،الكونتيسه؛ ترجمة هنري زغيب, _eauthor _915920 |
|
| 245 | 0 | 0 | _aكالورين |
| 264 | 3 | 1 | _aبغداد: دار ثقافة الاطفال، 1989 |
| 300 | _a236ص | ||
| 336 |
_atext _btxt _2rdacontent |
||
| 337 |
_aunmediated _bn _2rdamedia |
||
| 338 |
_avolume _bnc _2rdacarrier |
||
| 490 | 0 | _aسلسلة روايات عالمية | |
| 650 | 4 |
_aكالورين-رواية _915921 |
|
| 999 |
_aA4606 _c8174 _d8174 |
||